LEADER 01496nam a2200289 i 4500 001 000000040114 003 CaOOAMICUS 005 20100903000000.0 008 100903s1992 gw u000 u ger u 013 $a11272 020 $a3-429-01465-4 040 $aSeMil$bita 100 1 $aScharr, Peter.$0(OLS)http://semarc/name/19566 245 10$aConsensus fidelium :$bzur Unfehlbarkeit der Kirche aus der Perspektive einer Konsenstheorie der Wahrheit /$cPeter Scharr. 260 $aWürzburg :$bEchter,$c1992. 300 $aXI, 257 p. ;$c22 cm. 490 0 $aStudien zur systematischen und spirituellen Theologie ;$v6 500 $aTesi presentata alla Theologische Fakultät della Albert-Ludwigs-Universität, Freiburg i.Br., 1991. 650 4$aConcilio Vaticano II <1962-1965> - Costituzioni dogmatiche . Lumen Gentium.$0(OLS)http://semarc/subject/3016 650 4$aEcclesiologia.$0(OLS)http://semarc/subject/42996 650 4$aChiesa e contraccezione.$0(OLS)http://semarc/subject/8369 830 0$aStudien zur systematischen und spirituellen Theologie ;$v6.$0(OLS)http://semarc/title/247 850 $aSeMil 852 $aSeMil$W1$xVenegono$y1$m2RA I 56$j6269$B6269$CSeMilBibl$Z2$F6269 $81 996 $6020$a3-429-01465-4$9(OLS)http://semarc/number/10089 996 $6245$aConsensus fidelium :$bzur Unfehlbarkeit der Kirche aus der Perspektive einer Konsenstheorie der Wahrheit$9(OLS)http://semarc/title/57465 996 $6260$aWürzburg :$bEchter$9(OLS)http://semarc/publisher/29704 LEADER 00687nam a2200193 i 4500 001 000000080699 003 CaOOAMICUS 005 20170728000000.0 008 170728n it u000 u ita u 013 $a52937 040 $aSeMil$bita 245 10$aSaggi /$ca cura di Georges Teyssot. 300 $a275 p. :$bill. 700 1 $aTeyssot, Georges.$0(OLS)http://semarc/name/31096 773 0 $aTeyssot, Georges$tProgetto domestico. La casa dell'uomo.$dMilano : Electa, copyr. 1986.$g1$w()33777 850 $aSeMil 852 $aSeMil$W1$xVenegono$y1$m5F IX 67/1$j46111$B46111$CSeMilBibl$Z2$F48296 $81 961 $aOmaggio: Giacomoni Silvia 996 $6245$aSaggi$9(OLS)http://semarc/title/342